[Event "TCh-CHN 2019"]
[Site "China CHN"]
[Date "2019.04.09"]
[Round "1.6"]
[Board "4"]
[White "Song, Yuxin"]
[Black "Zhu, Jiner"]
[Result "1/2-1/2"]
[WhiteTitle "WIM"]
[BlackTitle "WIM"]
[WhiteElo "2299"]
[BlackElo "2461"]
[WhiteTeam "Beijing team"]
[BlackTeam "Zhejiang team"]
[WhiteFideId "8614300"]
[BlackFideId "8608059"]
[EventDate "2019.04.09"]

1. e4 e5 2. Nf3 Nc6 3. Nc3 Nf6 4. d4 exd4 5. Nxd4 Bc5 6. Be3 Bb6 7. Qd2 O-O 8.
O-O-O Qe8 9. f3 d6 10. g4 Be6 11. g5 Nd7 12. f4 Nc5 13. Nxe6 fxe6 14. Bc4 Kh8
15. Rhf1 Ba5 16. Bxc5 dxc5 17. Qd7 Nd4 18. Qxe8 Raxe8 19. Ne2 Bb6 20. Ng3 g6 21.
c3 Nc6 22. Kc2 a6 23. a4 Na5 24. b3 c6 25. e5 Re7 26. Ne4 Ba7 27. Ra1 Kg7 28. h4
Bb8 29. Nxc5 Nxc4 30. bxc4 1/2-1/2

[Event "TCh-CHN 2019"]
[Site "China CHN"]
[Date "2019.04.09"]
[Round "1.6"]
[Board "5"]
[White "Wang, Yu A."]
[Black "Ding, Yixin"]
[Result "1/2-1/2"]
[WhiteTitle "IM"]
[BlackTitle "WGM"]
[WhiteElo "2293"]
[BlackElo "2439"]
[WhiteTeam "Beijing team"]
[BlackTeam "Zhejiang team"]
[WhiteFideId "8601097"]
[BlackFideId "8602972"]
[EventDate "2019.04.09"]

1. e4 g6 2. d4 Bg7 3. Nc3 c6 4. Nf3 d6 5. Be2 Nf6 6. O-O O-O 7. h3 Nbd7 8. e5
Ne8 9. Bf4 dxe5 10. dxe5 Nc7 11. Re1 Ne6 12. Bg3 Nb6 13. Qxd8 Rxd8 14. Rad1 Bd7
15. Ne4 c5 16. Nfg5 Nxg5 17. Nxg5 Bf5 18. Bf3 h6 19. Ne4 Rxd1 20. Rxd1 Rc8 21.
Nc3 Bxc2 22. Rc1 Bxe5 23. Bxb7 1/2-1/2

[Event "TCh-CHN 2019"]
[Site "China CHN"]
[Date "2019.04.10"]
[Round "2.1"]
[Board "2"]
[White "Liu, Qingnan"]
[Black "Yuan, Qingyu"]
[Result "1-0"]
[WhiteTitle "GM"]
[WhiteElo "2533"]
[BlackElo "2372"]
[WhiteTeam "Shandong Jingzhi team"]
[BlackTeam "Beijing team"]
[WhiteFideId "8603294"]
[BlackFideId "8609772"]
[EventDate "2019.04.09"]

1. e4 e5 2. Nf3 Nc6 3. c3 Nf6 4. d4 d5 5. Bb5 exd4 6. Nxd4 Bd7 7. Bxc6 bxc6 8.
e5 Ne4 9. O-O g6 10. Be3 Bg7 11. f3 Ng5 12. f4 Ne4 13. Nd2 Nxd2 14. Qxd2 O-O 15.
b4 Re8 16. Bf2 a5 17. a4 Bf8 18. Nb3 axb4 19. cxb4 c5 20. Nxc5 Bxc5 21. Bxc5
Bxa4 22. f5 gxf5 23. Rxf5 Re6 24. Qf4 Bb5 25. Re1 Qe8 26. h4 Ra3 27. h5 h6 28.
Kh2 d4 29. Rf6 Re3 30. Qg4+ Kh7 31. Qf5+ Kg8 32. Qg4+ Kh7 33. Rxe3 dxe3 34. Qe4+
Kh8 35. Qf4 e2 36. Qxh6+ Kg8 37. Qg5+ Kh7 38. Qf5+ Kh8 39. Rxf7 Qxf7 40. Qxf7
e1=Q 41. Qxe6 Qh4+ 42. Qh3 Qf4+ 43. Qg3 Qf5 44. Qh4 Qxe5+ 45. Kh1 Qa1+ 46. Bg1
c6 47. Qg5 Qg7 48. Qd8+ Qg8 49. Bd4+ Kh7 50. Qd7+ Kh6 51. Be3+ Kxh5 52. Qf5+ 1-0

[Event "TCh-CHN 2019"]
[Site "China CHN"]
[Date "2019.04.10"]
[Round "2.1"]
[Board "4"]
[White "Wang, Yu A."]
[Black "Ning, Kaiyu"]
[Result "0-1"]
[WhiteTitle "IM"]
[BlackTitle "WIM"]
[WhiteElo "2293"]
[BlackElo "2353"]
[WhiteTeam "Beijing team"]
[BlackTeam "Shandong Jingzhi team"]
[WhiteFideId "8601097"]
[BlackFideId "8614750"]
[EventDate "2019.04.09"]

1. e4 e6 2. d4 d5 3. Bd3 dxe4 4. Bxe4 Nf6 5. Bf3 c5 6. Ne2 Nc6 7. Be3 cxd4 8.
Nxd4 Ne5 9. Nc3 a6 10. O-O Be7 11. Qe2 Nxf3+ 12. Qxf3 O-O 13. Rfe1 Qc7 14. Bf4
Qb6 15. Nb3 Bd7 16. Be3 Qc7 17. Bf4 Qc8 18. Be5 Rd8 19. Qg3 Ne8 20. Rad1 b6 21.
Bd4 Qb7 22. Qe3 Nd6 23. Qf4 Nf5 24. Ne4 Bc6 25. f3 f6 26. Bf2 g6 27. Qc1 e5 28.
c3 Kg7 29. Nbd2 Bd5 30. c4 Bf7 31. b3 Nd4 32. Nf1 Bb4 33. Bh4 Be7 34. Ne3 f5 35.
Bxe7 Qxe7 36. Nc3 Rac8 37. Ned5 Bxd5 38. Rxd4 Qc5 39. Qe3 Qxd4 40. Qxd4 exd4 41.
Nxd5 Re8 42. Rd1 Re2 43. Nxb6 Rc6 44. Nd5 a5 45. Rxd4 Rxa2 46. h4 Ra3 47. b4
axb4 48. Nxb4 Rc7 49. Nd3 Kf6 50. c5 Ra2 51. Rd6+ Ke7 52. h5 Rxc5 53. Rb6 Rcc2
54. Nf4 g5 55. Nd5+ Kf7 56. Rf6+ Ke8 57. Ne3 Re2 58. Nxf5 Rxg2+ 59. Kf1 Rgf2+
60. Kg1 Rfb2 61. Re6+ Kf7 62. Re1 Rg2+ 63. Kh1 Rh2+ 64. Kg1 Rxh5 65. Nd6+ Kf6
66. Ne8+ Kg6 67. Re6+ Kf7 0-1

[Event "TCh-CHN 2019"]
[Site "China CHN"]
[Date "2019.04.10"]
[Round "2.1"]
[Board "5"]
[White "Song, Yuxin"]
[Black "Yan, Tianqi"]
[Result "1-0"]
[WhiteTitle "WIM"]
[WhiteElo "2299"]
[BlackElo "2240"]
[WhiteTeam "Beijing team"]
[BlackTeam "Shandong Jingzhi team"]
[WhiteFideId "8614300"]
[BlackFideId "8615250"]
[EventDate "2019.04.09"]

1. e4 c5 2. Nf3 e6 3. d4 cxd4 4. Nxd4 a6 5. c4 Nf6 6. Nc3 Bb4 7. Qd3 Nc6 8. Nxc6
dxc6 9. Qxd8+ Kxd8 10. e5 Ne4 11. a3 Bxc3+ 12. bxc3 Nxc3 13. a4 Ne4 14. Be3 f6
15. f4 Bd7 16. Bd3 f5 17. Bxe4 fxe4 18. Bc5 b5 19. a5 Rb8 20. Rb1 Ke8 21. Ke2
Kf7 22. Rhd1 Be8 23. Ke3 h6 24. Rd6 g5 25. fxg5 hxg5 26. Rf1+ Kg7 27. Rxe6 Rxh2
28. Re7+ Kg8 29. e6 bxc4 30. Rf8+ Kxf8 31. Rb7+ Kg8 32. Rxb8 c3 33. Rxe8+ Kh7
34. e7 c2 35. Rh8+ Kg7 36. Bd4+ 1-0

[Event "TCh-CHN 2019"]
[Site "China CHN"]
[Date "2019.04.10"]
[Round "2.2"]
[Board "1"]
[White "Inarkiev, Ernesto"]
[Black "Lan, Zilun"]
[Result "1/2-1/2"]
[WhiteTitle "GM"]
[WhiteElo "2663"]
[BlackElo "2313"]
[WhiteTeam "Hangzhou Hongda team"]
[BlackTeam "Zhejiang team"]
[WhiteFideId "4162722"]
[BlackFideId "8604193"]
[EventDate "2019.04.09"]

1. e4 c6 2. d4 d5 3. e5 Bf5 4. Nf3 e6 5. Be2 c5 6. Be3 cxd4 7. Nxd4 Ne7 8. Nd2
Nbc6 9. N2f3 Bg4 10. O-O Bxf3 11. Nxf3 Ng6 12. c4 dxc4 13. Bxc4 Be7 14. Bb5 Qc7
15. Rc1 O-O 16. Bd4 Qa5 17. Bxc6 bxc6 18. b3 c5 19. Bc3 Qa6 20. Re1 Rad8 21. Qe2
Rd3 22. g3 Rfd8 23. Kg2 h6 24. h4 Qb7 25. Qe4 Qa6 26. Rc2 Bf8 27. Re3 Rd1 28.
Qc4 Qb7 29. Qe2 Ne7 30. Bd2 Rb1 31. Rd3 Qa6 32. Re3 Qb7 33. Re4 Nf5 34. Bc3 Rdd1
35. Rb2 Rbc1 36. Rc2 Rb1 37. Rb2 Rbc1 38. Bd2 Ra1 39. Qd3 Nd4 40. Nxd4 cxd4 41.
Qxd4 Bc5 42. Qd8+ Kh7 43. Qd3 f5 44. exf6 gxf6 45. Rc2 f5 46. Rxc5 fxe4 47. Qc2
Rxd2 48. Rc7+ Kg8 49. Rc8+ Kf7 50. Rc7+ Ke8 51. Qc5 Qxc7 52. Qxc7 Raxa2 53. Qc8+
Ke7 54. Qc7+ Ke8 55. Qc8+ Ke7 56. Qc5+ Kd7 57. g4 Rxf2+ 58. Qxf2 Rxf2+ 59. Kxf2
Kd6 60. b4 a6 61. Ke2 Kd5 62. Kd2 Kd6 63. Ke2 Kd5 64. Kd2 1/2-1/2

[Event "TCh-CHN 2019"]
[Site "China CHN"]
[Date "2019.04.10"]
[Round "2.2"]
[Board "2"]
[White "Xiang, Zeyu"]
[Black "Xu, Minghui"]
[Result "1-0"]
[WhiteTitle "IM"]
[WhiteElo "2446"]
[BlackElo "2406"]
[WhiteTeam "Hangzhou Hongda team"]
[BlackTeam "Zhejiang team"]
[WhiteFideId "8608547"]
[BlackFideId "8606790"]
[EventDate "2019.04.09"]

1. d4 d5 2. c4 e6 3. Nc3 a6 4. cxd5 exd5 5. Qb3 Nf6 6. Bg5 c6 7. e4 Be7 8. e5
Ne4 9. Bxe7 Qxe7 10. Bd3 Bf5 11. Qc2 Bg6 12. Nge2 Nxc3 13. bxc3 Bxd3 14. Qxd3
O-O 15. O-O c5 16. f4 f5 17. c4 Qf7 18. Rac1 Rd8 19. cxd5 Qxd5 20. Qc4 Qxc4 21.
Rxc4 cxd4 22. Nxd4 b5 23. Ne6 Re8 24. Nc7 bxc4 25. Nxe8 Nc6 26. Nd6 c3 27. Rc1
Nd4 28. Kf2 Nb5 29. Nxf5 Rf8 30. Ne7+ Kf7 31. Nc6 Rc8 32. Nb4 Rc4 33. Nd3 Ke6
34. Re1 Rd4 35. Ke3 Kd5 36. g3 Kc4 37. Nf2 c2 38. e6 Nc3 39. e7 Nd5+ 40. Kf3
Nxe7 41. Rxe7 Kc3 42. Rc7+ Kb2 43. Ke3 Rd7 44. Nd3+ 1-0

[Event "TCh-CHN 2019"]
[Site "China CHN"]
[Date "2019.04.10"]
[Round "2.2"]
[Board "3"]
[White "Lin, Yi"]
[Black "Lu, Shanglei"]
[Result "1/2-1/2"]
[WhiteTitle "IM"]
[BlackTitle "GM"]
[WhiteElo "2415"]
[BlackElo "2612"]
[WhiteTeam "Hangzhou Hongda team"]
[BlackTeam "Zhejiang team"]
[WhiteFideId "8609659"]
[BlackFideId "8603332"]
[EventDate "2019.04.09"]

1. d4 Nf6 2. c4 e6 3. Nf3 d5 4. g3 Be7 5. Bg2 O-O 6. Nc3 dxc4 7. Ne5 c5 8. dxc5
Qc7 9. Nxc4 Bxc5 10. Qb3 Nc6 11. O-O Rd8 12. Be3 Bxe3 13. Nxe3 e5 14. Rfd1 Be6
15. Ned5 Bxd5 16. Nxd5 Nxd5 17. Bxd5 Nd4 18. Qxb7 Qxb7 19. Bxb7 Rab8 20. e3 Rxb7
21. exd4 exd4 22. Rd2 g6 23. Rad1 d3 24. Rxd3 Rxd3 25. Rxd3 Rxb2 26. Ra3 Rb7 27.
Kg2 Kg7 28. h4 h5 29. Ra6 Rc7 30. Kf3 Re7 31. Kg2 1/2-1/2

[Event "TCh-CHN 2019"]
[Site "China CHN"]
[Date "2019.04.10"]
[Round "2.2"]
[Board "4"]
[White "Ding, Yixin"]
[Black "Zhao, Shengxin"]
[Result "1-0"]
[WhiteTitle "WGM"]
[BlackTitle "WFM"]
[WhiteElo "2439"]
[BlackElo "2093"]
[WhiteTeam "Zhejiang team"]
[BlackTeam "Hangzhou Hongda team"]
[WhiteFideId "8602972"]
[BlackFideId "8608040"]
[EventDate "2019.04.09"]

1. e4 e6 2. d4 d5 3. Nc3 Nf6 4. e5 Nfd7 5. f4 c5 6. Nf3 Nc6 7. Be3 cxd4 8. Nxd4
Qb6 9. Qd2 Qxb2 10. Rb1 Qa3 11. Bb5 Nxd4 12. Bxd4 Be7 13. O-O O-O 14. Nxd5 Bc5
15. Ne7+ Bxe7 16. Rb3 Bb4 17. Rxb4 Rd8 18. Bc3 a6 19. Be2 Re8 20. Kh1 Nc5 21.
Rd4 b6 22. Bb4 Qb2 23. Bc3 Qa3 24. Bf3 Bb7 25. h4 Rac8 26. Bxb7 Nxb7 27. Rf3
Qxa2 28. Rg3 g6 29. h5 Red8 30. hxg6 hxg6 31. f5 Rxd4 32. Qxd4 Qb1+ 33. Kh2 Rd8
34. Qe4 Nc5 35. Qh4 Rd1 36. Be1 exf5 37. Rh3 Kf8 38. Qh8+ Ke7 39. Qf6+ Kd7 40.
Rh7 Kc7 41. Rxf7+ Nd7 42. e6 Rxe1 43. Rxd7+ Kc6 44. Qc3+ 1-0

[Event "TCh-CHN 2019"]
[Site "China CHN"]
[Date "2019.04.10"]
[Round "2.2"]
[Board "5"]
[White "Zhu, Jiner"]
[Black "Zhou, Zirun"]
[Result "1-0"]
[WhiteTitle "WIM"]
[WhiteElo "2461"]
[BlackElo "2124"]
[WhiteTeam "Zhejiang team"]
[BlackTeam "Hangzhou Hongda team"]
[WhiteFideId "8608059"]
[BlackFideId "8610975"]
[EventDate "2019.04.09"]

1. e4 e5 2. Nf3 Nf6 3. Nxe5 d6 4. Nf3 Nxe4 5. d4 d5 6. Bd3 Be7 7. O-O O-O 8. Re1
Bf5 9. c4 Nc6 10. Nc3 Nxc3 11. bxc3 Bxd3 12. Qxd3 dxc4 13. Qxc4 a6 14. Rb1 Bd6
15. Qd3 b5 16. Ng5 g6 17. Qh3 h5 18. Qf3 Ne7 19. Ne4 Nf5 20. Bg5 f6 21. Nxf6+
Kh8 22. Nh7 Qd7 23. Nxf8 Rxf8 24. Qd3 c5 25. d5 c4 26. Qe4 Bc5 27. Re2 Kh7 28.
Kh1 Qa7 29. f3 Bd6 30. Rbe1 Qc7 31. g4 hxg4 32. fxg4 Ng7 33. Qg2 Kg8 34. Rf1
Rxf1+ 35. Qxf1 Be5 36. Bf6 Bxf6 37. Qxf6 Qd7 38. Qxg6 Qxd5+ 39. Kg1 Qd1+ 40. Kf2
Kh8 41. Qh6+ Kg8 42. Qg5 Kh7 43. Rd2 Qc1 44. Qh4+ Kg8 45. Rd8+ Kf7 46. Rd7+ Kg8
47. Qf6 Qc2+ 48. Kf3 1-0

[Event "TCh-CHN 2019"]
[Site "China CHN"]
[Date "2019.04.10"]
[Round "2.3"]
[Board "1"]
[White "Ni, Hua"]
[Black "Fedoseev, Vladimir3"]
[Result "1/2-1/2"]
[WhiteTitle "GM"]
[BlackTitle "GM"]
[WhiteElo "2669"]
[BlackElo "2677"]
[WhiteTeam "China Mobil Shanghai Chess Club"]
[BlackTeam "Chengdu Beilei Youth Chess Club"]
[WhiteFideId "8601160"]
[BlackFideId "24130737"]
[EventDate "2019.04.09"]

1. e4 c5 2. Nf3 d6 3. Bb5+ Nd7 4. d4 cxd4 5. Qxd4 a6 6. Bxd7+ Bxd7 7. Nc3 e5 8.
Qd3 Rc8 9. O-O h6 10. Nd2 Be6 11. Rd1 Nf6 12. Nf1 Bc4 13. Qf3 Bxf1 14. Kxf1 Be7
15. Qd3 Rc6 16. Be3 Qc8 17. Rac1 O-O 18. Rd2 b5 19. Nd5 Nxd5 20. Qxd5 b4 21. Qd3
Qc7 22. c4 bxc3 23. Rxc3 Rxc3 24. Qxc3 Qxc3 25. bxc3 Rc8 26. Rc2 Bg5 27. Ke2
Bxe3 28. Kxe3 Rc4 29. a3 Rc6 30. c4 1/2-1/2

[Event "TCh-CHN 2019"]
[Site "China CHN"]
[Date "2019.04.10"]
[Round "2.3"]
[Board "2"]
[White "Vidit, Santosh Gujrathi"]
[Black "Liu, Guanchu"]
[Result "1-0"]
[WhiteTitle "GM"]
[BlackTitle "IM"]
[WhiteElo "2721"]
[BlackElo "2432"]
[WhiteTeam "China Mobil Shanghai Chess Club"]
[BlackTeam "Chengdu Beilei Youth Chess Club"]
[WhiteFideId "5029465"]
[BlackFideId "8603901"]
[EventDate "2019.04.09"]

1. d4 Nf6 2. c4 e6 3. Nc3 Bb4 4. e3 b6 5. Ne2 Ba6 6. a3 Be7 7. Nf4 d5 8. cxd5
Bxf1 9. Kxf1 Nxd5 10. Ncxd5 exd5 11. Bd2 O-O 12. g3 c6 13. Rc1 Bd6 14. Bb4 a5
15. Bxd6 Qxd6 16. Qa4 Rc8 17. Kg2 Nd7 18. Rc3 b5 19. Qc2 Nb6 20. Rc1 Nc4 21. a4
bxa4 22. Qxa4 Nxb2 23. Rxc6 Rxc6 24. Qxc6 Qxc6 25. Rxc6 a4 26. Nxd5 a3 27. Nb4
f5 28. Na2 Rb8 29. d5 Rb5 30. d6 Kf7 31. Rc3 Ra5 32. Rc7+ Ke6 33. Rxg7 Kxd6 34.
Rxh7 Nc4 35. Rh4 Ne5 36. Rd4+ Ke6 37. e4 Rb5 38. exf5+ Kxf5 39. Ra4 1-0

[Event "TCh-CHN 2019"]
[Site "China CHN"]
[Date "2019.04.10"]
[Round "2.3"]
[Board "3"]
[White "Xu, Yi"]
[Black "Li, Di"]
[Result "1/2-1/2"]
[WhiteTitle "GM"]
[BlackTitle "GM"]
[WhiteElo "2542"]
[BlackElo "2543"]
[WhiteTeam "China Mobil Shanghai Chess Club"]
[BlackTeam "Chengdu Beilei Youth Chess Club"]
[WhiteFideId "8605564"]
[BlackFideId "8607508"]
[EventDate "2019.04.09"]

1. e4 e5 2. Nf3 Nc6 3. Bc4 Nf6 4. d3 Bc5 5. O-O O-O 6. Nbd2 d6 7. c3 a5 8. h3 h6
9. Re1 Be6 10. Bb5 Qb8 11. Bxc6 bxc6 12. Nf1 a4 13. Ng3 Qa7 14. d4 Bb6 15. Be3
Qa5 16. Qc1 Kh7 17. c4 exd4 18. Nxd4 Bd7 19. Qc2 Kg8 20. Rad1 Rfe8 21. Kh2 Nh5
22. b4 axb3 23. Nxb3 Qe5 24. c5 Nxg3 25. fxg3 Ba5 26. Nxa5 Rxa5 27. cxd6 cxd6
28. Bf4 Qb5 1/2-1/2

[Event "TCh-CHN 2019"]
[Site "China CHN"]
[Date "2019.04.10"]
[Round "2.3"]
[Board "4"]
[White "Koneru, Humpy"]
[Black "Ni, Shiqun"]
[Result "1-0"]
[WhiteTitle "GM"]
[BlackTitle "WGM"]
[WhiteElo "2574"]
[BlackElo "2389"]
[WhiteTeam "Chengdu Beilei Youth Chess Club"]
[BlackTeam "China Mobil Shanghai Chess Club"]
[WhiteFideId "5008123"]
[BlackFideId "8608466"]
[EventDate "2019.04.09"]

1. d4 Nf6 2. c4 g6 3. f3 d5 4. cxd5 Nxd5 5. e4 Nb6 6. Nc3 Bg7 7. Be3 O-O 8. Qd2
Nc6 9. O-O-O Qd6 10. Nb5 Qd7 11. Kb1 Rd8 12. d5 a6 13. Nc3 Qe8 14. Qc1 Na7 15.
Nge2 Nb5 16. h4 Nc4 17. Bh6 Bh8 18. h5 c6 19. hxg6 hxg6 20. a4 cxd5 21. axb5
axb5 22. Nd4 b4 23. Ncb5 Ra5 24. Bxc4 dxc4 25. Qxc4 e5 26. Bg5 Rxd4 27. Nxd4
exd4 28. Rxh8+ Kxh8 29. Qxd4+ Kg8 30. Rh1 1-0

[Event "TCh-CHN 2019"]
[Site "China CHN"]
[Date "2019.04.10"]
[Round "2.3"]
[Board "5"]
[White "Li, Yunshan"]
[Black "Ju, Wenjun"]
[Result "0-1"]
[WhiteTitle "WFM"]
[BlackTitle "GM"]
[WhiteElo "2287"]
[BlackElo "2580"]
[WhiteTeam "Chengdu Beilei Youth Chess Club"]
[BlackTeam "China Mobil Shanghai Chess Club"]
[WhiteFideId "8607664"]
[BlackFideId "8603006"]
[EventDate "2019.04.09"]

1. d4 f5 2. Nf3 Nf6 3. g3 g6 4. Bg2 Bg7 5. O-O O-O 6. c4 d6 7. Nc3 c6 8. Rb1 Na6
9. d5 Bd7 10. b4 Rc8 11. dxc6 bxc6 12. a3 Nc7 13. Bb2 Qe8 14. Nd4 e5 15. Nb3 Qe6
16. Na5 d5 17. cxd5 cxd5 18. e3 Ne4 19. Qd3 Qf7 20. Rfd1 Be6 21. Ne2 Nd6 22.
Rbc1 g5 23. Nc3 f4 24. exf4 gxf4 25. gxf4 e4 26. Qd2 Nf5 27. Ne2 Nh4 28. Ng3
Bxb2 29. Qxb2 Bg4 30. Re1 Nxg2 31. Kxg2 Ne6 32. Rxc8 Nxf4+ 33. Kh1 Rxc8 34. Qe5
Nd3 35. Qg5+ Kh8 36. Rf1 Bh3 0-1

[Event "TCh-CHN 2019"]
[Site "China CHN"]
[Date "2019.04.10"]
[Round "2.4"]
[Board "1"]
[White "Dai, Changren"]
[Black "Chen, Qi b"]
[Result "1/2-1/2"]
[WhiteTitle "IM"]
[BlackTitle "IM"]
[WhiteElo "2511"]
[BlackElo "2445"]
[WhiteTeam "Zhihui Sports chess team of Tianjin"]
[BlackTeam "Jiangsu team"]
[WhiteFideId "8608156"]
[BlackFideId "8614733"]
[EventDate "2019.04.09"]

1. e4 c5 2. Nc3 d6 3. Nge2 Nf6 4. g3 g6 5. Bg2 Bg7 6. d3 Nc6 7. Bg5 Rb8 8. O-O
O-O 9. Nd5 Ne8 10. c3 h6 11. Be3 b6 12. d4 Ba6 13. Re1 e6 14. Ndf4 Nc7 15. Nd3
Na5 16. f4 Qe7 17. Bf2 Rfc8 18. Rc1 Ne8 19. d5 exd5 20. exd5 Qd7 21. h3 Nf6 22.
b3 Re8 23. Qc2 c4 24. bxc4 Bxc4 25. Nb4 Nb7 26. g4 a5 27. g5 hxg5 28. fxg5 Nh7
29. Nc6 Ra8 30. Nf4 Nc5 31. h4 Qg4 32. Bxc5 bxc5 33. Re4 Ba6 34. Ne6 Qg3 35.
Nxg7 Kxg7 36. Qf2 Qxf2+ 37. Kxf2 Rxe4 38. Bxe4 Bc4 39. a3 f6 40. Rg1 fxg5 41.
hxg5 Rf8+ 42. Ke3 Re8 43. Kf4 Rf8+ 44. Ke3 Re8 45. Kf4 Rf8+ 1/2-1/2

[Event "TCh-CHN 2019"]
[Site "China CHN"]
[Date "2019.04.10"]
[Round "2.4"]
[Board "2"]
[White "Malakhov, Vladimir"]
[Black "Lin, Chen"]
[Result "1-0"]
[WhiteTitle "GM"]
[BlackTitle "GM"]
[WhiteElo "2668"]
[BlackElo "2489"]
[WhiteTeam "Zhihui Sports chess team of Tianjin"]
[BlackTeam "Jiangsu team"]
[WhiteFideId "4120787"]
[BlackFideId "8602298"]
[EventDate "2019.04.09"]

1. e4 e5 2. Nf3 Nc6 3. Bb5 a6 4. Ba4 Nf6 5. d3 b5 6. Bb3 Bc5 7. Nc3 d6 8. Nd5 h6
9. c3 Rb8 10. O-O O-O 11. h3 Nxd5 12. Bxd5 Ne7 13. Bb3 Ng6 14. d4 Bb6 15. a4 Bb7
16. d5 Bc8 17. Bc2 Bd7 18. Bd3 Qf6 19. axb5 axb5 20. Qe2 Nf4 21. Bxf4 Qxf4 22.
Kh1 g6 23. b4 h5 24. g3 Qh6 25. Kg2 f5 26. h4 f4 27. Qd2 Rf6 28. Ng5 Qf8 29. Ra6
Qe7 30. Be2 fxg3 31. fxg3 Rxf1 32. Kxf1 Rf8+ 33. Bf3 Bg4 34. Kg2 Qd7 35. Qd3
Bxf3+ 36. Nxf3 Qg4 37. Ra2 Qd7 38. Ng5 Qe8 39. Qd1 Be3 40. Ne6 Rf6 41. Qe1 Bb6
42. Qa1 Qe7 43. Ra8+ Kh7 44. Qa6 Rf2+ 45. Kh3 Qd7 46. Rd8 1-0

[Event "TCh-CHN 2019"]
[Site "China CHN"]
[Date "2019.04.10"]
[Round "2.4"]
[Board "4"]
[White "Guo, Qi"]
[Black "Xiao, Yiyi"]
[Result "1/2-1/2"]
[WhiteTitle "IM"]
[BlackTitle "WFM"]
[WhiteElo "2406"]
[BlackElo "2306"]
[WhiteTeam "Jiangsu team"]
[BlackTeam "Zhihui Sports chess team of Tianjin"]
[WhiteFideId "8604002"]
[BlackFideId "8606161"]
[EventDate "2019.04.09"]

1. d4 d5 2. Nf3 Nf6 3. c4 dxc4 4. e3 e6 5. Bxc4 c5 6. O-O a6 7. a4 Nbd7 8. Nc3
Be7 9. Qe2 O-O 10. Rd1 Qc7 11. dxc5 Bxc5 12. Bd3 b6 13. Ne4 Bb7 14. Nxf6+ Nxf6
15. h3 Rfd8 16. Bd2 Ne4 17. Be1 Qe7 18. Bc2 a5 19. Rxd8+ Rxd8 20. Rd1 h6 21. Nd2
Nxd2 22. Rxd2 Rxd2 23. Bxd2 Qg5 24. Qg4 Qxg4 25. hxg4 Kf8 26. f3 Ke7 27. Kf2 Bd5
28. Bc3 f6 29. b3 e5 30. Ke2 Be6 1/2-1/2

[Event "TCh-CHN 2019"]
[Site "China CHN"]
[Date "2019.04.10"]
[Round "2.4"]
[Board "5"]
[White "Shen, Yang"]
[Black "Zatonskih, Anna"]
[Result "1/2-1/2"]
[WhiteTitle "IM"]
[BlackTitle "IM"]
[WhiteElo "2402"]
[BlackElo "2420"]
[WhiteTeam "Jiangsu team"]
[BlackTeam "Zhihui Sports chess team of Tianjin"]
[WhiteFideId "8603162"]
[BlackFideId "14101572"]
[EventDate "2019.04.09"]

1. d4 d5 2. c4 e6 3. Nc3 Nf6 4. Nf3 Be7 5. Bf4 O-O 6. e3 b6 7. Rc1 c5 8. cxd5
Nxd5 9. Nxd5 exd5 10. Be2 c4 11. O-O Nc6 12. Ne5 Nxe5 13. dxe5 Be6 14. e4 Rc8
15. exd5 Qxd5 16. Qxd5 Bxd5 17. Rfd1 Be6 18. Be3 Bc5 19. Bxc5 Rxc5 20. f4 g5 21.
g3 Rfc8 22. Rd4 Kf8 23. Kf2 h6 24. Ke3 Ke7 25. a3 gxf4+ 26. gxf4 f6 27. exf6+
Kxf6 28. Rd6 R5c6 29. Rd4 b5 30. Kd2 a5 31. Bf3 Rb6 32. Re1 b4 33. axb4 axb4 34.
Rxe6+ Rxe6 35. Bg4 c3+ 36. bxc3 bxc3+ 37. Kc2 Rcc6 38. Bxe6 Kxe6 39. Rd3 Kf5 40.
Rxc3 Ra6 41. Rh3 Kg4 42. Rg3+ Kxf4 43. Kd1 Re6 44. Rg8 Kf3 45. Rg3+ Kf2 46. Rh3
Rd6+ 47. Kc2 Kg2 48. Rh5 Kg1 49. Kc3 Kf2 50. Rh3 Kg2 51. Rh5 Kf3 52. h3 Kf4 53.
Kc2 Kg3 54. Kc3 Kg2 55. Kc2 Kh2 56. Kc3 Rg6 57. Kd4 Ra6 58. Ke4 Ra4+ 59. Kf5
Ra5+ 1/2-1/2

[Event "TCh-CHN 2019"]
[Site "China CHN"]
[Date "2019.04.10"]
[Round "2.5"]
[Board "2"]
[White "Bai, Jinshi"]
[Black "Cheparinov, Ivan"]
[Result "1/2-1/2"]
[WhiteTitle "GM"]
[BlackTitle "GM"]
[WhiteElo "2600"]
[BlackElo "2687"]
[WhiteTeam "Hangzhou Bank Team"]
[BlackTeam "Guangdong Shenzhen Longgang Chess team"]
[WhiteFideId "8602280"]
[BlackFideId "2905540"]
[EventDate "2019.04.09"]

1. Nf3 d5 2. g3 g6 3. Bg2 Bg7 4. d4 Nf6 5. c4 c6 6. O-O O-O 7. b3 dxc4 8. bxc4
c5 9. Bb2 cxd4 10. Nxd4 Qb6 11. Qb3 Nfd7 12. e3 e5 13. Nb5 Nc5 14. Qa3 Be6 15.
Nd2 Rd8 16. Bc3 Nc6 17. Rab1 Bf8 18. Nd6 Qc7 19. Qxc5 Bxd6 20. Qb5 Rab8 21. Bd5
Bxd5 22. cxd5 Nd4 23. Bxd4 exd4 24. exd4 Qc2 25. Rb2 Qf5 26. Nc4 Bf8 27. Ne3 Qe4
28. Rd1 Bh6 29. Qd3 Qf3 30. Qe2 Qxe2 1/2-1/2

[Event "TCh-CHN 2019"]
[Site "China CHN"]
[Date "2019.04.10"]
[Round "2.5"]
[Board "4"]
[White "Li, Xueyi"]
[Black "Khademalsharieh, Sarasadat"]
[Result "1-0"]
[WhiteTitle "WGM"]
[BlackTitle "IM"]
[WhiteElo "2296"]
[BlackElo "2487"]
[WhiteTeam "Guangdong Shenzhen Longgang Chess team"]
[BlackTeam "Hangzhou Bank Team"]
[WhiteFideId "8605912"]
[BlackFideId "12512214"]
[EventDate "2019.04.09"]

1. d4 Nf6 2. c4 e6 3. g3 c5 4. d5 exd5 5. cxd5 d6 6. Nc3 g6 7. Bg2 Bg7 8. Nf3
O-O 9. O-O Re8 10. Bf4 Bf5 11. Nd2 Nh5 12. Be3 Na6 13. Nc4 Qd7 14. a4 Nc7 15.
Bd2 Rad8 16. Re1 Bh3 17. Bf3 Bg4 18. Ne4 Bxf3 19. exf3 f5 20. Nexd6 Rxe1+ 21.
Qxe1 Nxd5 22. Bg5 Nhf6 23. Rd1 h6 24. Rxd5 hxg5 25. Rd2 Rf8 26. Qd1 b6 27. Ne5
Qe6 28. Nxg6 Rd8 29. Nxf5 Rxd2 30. Qxd2 g4 31. Nxg7 Kxg7 32. Nf4 Qe8 33. fxg4
Nxg4 34. Qe2 Qxe2 35. Nxe2 Ne5 36. b3 Nf3+ 37. Kg2 Ne1+ 38. Kh3 a6 39. Kg4 1-0